[Event "Buenos Aires Masters op"]
[Site "Buenos Aires"]
[Date "2023.06.15"]
[Round "2"]
[White "Contreras Quintero, Brigit Vyany"]
[Black "Navarro, Gustavo"]
[Result "0-1"]
[WhiteElo "1583"]
[BlackElo "1992"]
[PlyCount "56"]
[EventDate "2023.06.14"]
[EventType "swiss"]
[EventRounds "9"]
[EventCountry "ARG"]
[SourceTitle "CBM 215 Extra"]
[Source "ChessBase"]
[SourceDate "2023.09.30"]
[SourceVersion "1"]
[SourceVersionDate "2023.09.30"]
[SourceQuality "1"]

1. e4 c5 2. Nc3 g6 3. f4 Bg7 4. Nf3 Nc6 5. Bb5 Nd4 6. 0-0 Nxb5 7. Nxb5 Nf6 8. Nc3 d6 9. d3 0-0 10. Qe1 e6 11. Qh4 Nd7 12. Qxd8 Rxd8 13. g4 Nb8 14. Ne2 b6 15. c3 Ba6 16. Rd1 d5 17. e5 Nc6 18. Kf2 f6 19. d4 Rdc8 20. Rd2 Rc7 21. g5 fxe5 22. fxe5 Rf8 23. Ke3 Rcf7 24. Neg1 Rf4 25. dxc5 Re4+ 26. Kf2 Nxe5 27. cxb6 Nxf3 28. Nxf3 Ref4 0-1

[Event "Vicente Lopez ProAm 100 Years op"]
[Site "Buenos Aires"]
[Date "2022.10.16"]
[Round "7"]
[White "Contreras Quintero, Brigit Vyany"]
[Black "Aberbach Peltzman, Angel Sergio"]
[Result "0-1"]
[WhiteElo "1669"]
[BlackElo "1846"]
[PlyCount "92"]
[EventDate "2022.10.11"]
[EventType "swiss"]
[EventRounds "9"]
[EventCountry "ARG"]
[SourceTitle "CBM 210 Extra"]
[Source "ChessBase"]
[SourceDate "2022.11.30"]
[SourceVersion "1"]
[SourceVersionDate "2022.11.30"]
[SourceQuality "1"]

1. e4 c5 2. Nc3 Nc6 3. f4 a6 4. Nf3 b5 5. d3 d6 6. g3 Rb8 7. Bg2 g6 8. d4 b4 9. Ne2 cxd4 10. Nexd4 Bd7 11. Nxc6 Bxc6 12. Qd4 Nf6 13. e5 dxe5 14. Qxd8+ Rxd8 15. fxe5 Ng4 16. Bf4 Bg7 17. 0-0 0-0 18. Rfe1 Bh6 19. Bxh6 Nxh6 20. Rad1 Nf5 21. Kf2 h5 22. h3 Kg7 23. g4 hxg4 24. hxg4 Bxf3 25. Bxf3 Nd4 26. Be4 Rh8 27. Kg3 Ne6 28. Bd3 a5 29. Rf1 g5 30. Rf5 f6 31. exf6+ exf6 32. Re1 Nf4 33. Rxa5 Nxd3 34. cxd3 Rxd3+ 35. Kg2 Rd2+ 36. Kg1 Rd4 37. Ra7+ Kg6 38. a4 bxa3 39. bxa3 Rxg4+ 40. Kf2 Rh2+ 41. Kf3 Rf4+ 42. Ke3 Rh3+ 43. Kd2 Rf2+ 44. Kc1 Ra2 45. a4 Ra1+ 46. Kd2 Rh2+ 0-1

[Event "VEN-ch U17 Girls"]
[Site "Caracas"]
[Date "2019.08.11"]
[Round "9"]
[White "Velasquez Font, Majeiqueilin Valent"]
[Black "Contreras Quintero, Brigit Vyany"]
[Result "1/2-1/2"]
[WhiteElo "1269"]
[BlackElo "1318"]
[PlyCount "60"]
[EventDate "2019.08.07"]
[EventType "swiss"]
[EventRounds "9"]
[EventCountry "VEN"]
[SourceTitle "EXT 2020"]
[Source "ChessBase"]
[SourceDate "2019.10.17"]
[SourceVersion "1"]
[SourceVersionDate "2019.10.17"]
[SourceQuality "1"]

1. d4 d5 2. c4 e6 3. Nc3 Nf6 4. Bg5 Be7 5. Nf3 0-0 6. e3 h6 7. Bh4 Nbd7 8. Bd3 c5 9. cxd5 exd5 10. Bxf6 Nxf6 11. h3 Be6 12. dxc5 Bxc5 13. 0-0 a6 14. Rc1 Rc8 15. a3 b5 16. b4 Bb6 17. Re1 Bd7 18. Nd4 Bxd4 19. exd4 Bc6 20. Qf3 Re8 21. Rxe8+ Qxe8 22. Bf5 Bd7 23. Bxd7 Qxd7 24. Re1 Qc6 25. Re3 Qc4 26. Qf4 Qc7 27. Qf5 Qc6 28. Qf3 Qc4 29. Qf4 Qc7 30. Qf3 Qc4 1/2-1/2

[Event "VEN-ch U17 Girls"]
[Site "Caracas"]
[Date "2019.08.08"]
[Round "4"]
[White "Contreras Quintero, Brigit Vyany"]
[Black "Guillen Carrillo, Macjos Neritza"]
[Result "0-1"]
[WhiteElo "1318"]
[BlackElo "1551"]
[PlyCount "76"]
[EventDate "2019.08.07"]
[EventType "swiss"]
[EventRounds "9"]
[EventCountry "VEN"]
[SourceTitle "EXT 2020"]
[Source "ChessBase"]
[SourceDate "2019.10.17"]
[SourceVersion "1"]
[SourceVersionDate "2019.10.17"]
[SourceQuality "1"]

1. e4 c6 2. d4 d5 3. e5 e6 4. Nf3 c5 5. c3 Nc6 6. Be3 cxd4 7. cxd4 Qc7 8. Qd2 Bd7 9. Be2 Bb4 10. Nc3 Nge7 11. a3 Bxc3 12. bxc3 Nf5 13. 0-0 0-0 14. Bf4 Na5 15. Bd1 Bb5 16. Re1 Rac8 17. Rb1 Nc4 18. Qc1 Qa5 19. a4 Bxa4 20. Bxa4 Qxa4 21. Rxb7 Nb6 22. Qa1 Qxa1 23. Rxa1 Rxc3 24. Raxa7 Nc4 25. h3 h6 26. Rb4 Rd3 27. Rab7 Nxd4 28. Nh4 Ne2+ 29. Kh2 Nxf4 30. g3 Nxe5 31. gxf4 Nf3+ 32. Nxf3 Rxf3 33. R7b5 Rxf2+ 34. Kg3 Rc2 35. Rd4 Rfc8 36. Rbb4 R8c3+ 37. Kg4 Rg2+ 38. Kh5 Rxh3# 0-1